000
00292nam a2200145Ia 4500
100
_a
Phillips/Dusty
650
_a
Python
942
_c
RB
245
_a
Python 3 object oriented programming
260
_b
PACKT
_c
2018
082
_b
PHI
300
_a
452
546
_a
ENGLISH
999
_c
18492
_d
18492